[Event "Hyeres"]
[Site "Hyeres"]
[Date "2005.08.14"]
[Round "?"]
[White "Gardes, Williams"]
[Black "Leygue, Dominique"]
[Result "0-1"]
[WhiteElo "1942"]
[BlackElo "2322"]
[PlyCount "99"]
[EventDate "2005.??.??"]
[EventCountry "FRA"]

1. e4 b6 2. d4 Bb7 3. Bd3 e6 4. Nf3 Nf6 5. Qe2 d5 6. e5 Ne4 7. Nbd2 Nxd2 8.
Bxd2 c5 9. c3 Nc6 10. O-O Be7 11. Rac1 Qd7 12. Be3 c4 13. Bb1 b5 14. b3 Na5 15.
b4 Nc6 16. Bc2 a5 17. bxa5 Rxa5 18. Bb1 Ba3 19. Rcd1 b4 20. cxb4 Bxb4 21. Qc2
Ba6 22. Ne1 Bb5 23. Qe2 Qa7 24. Qg4 g6 25. Nc2 c3 26. Rfe1 Bc4 27. Bg5 Bxa2 28.
Qf3 Be7 29. Bh6 Bc4 30. Qxc3 Rb5 31. Re3 Qb7 32. Ree1 Rb3 33. Qd2 Kd7 34. Qf4
Rc8 35. Ba2 Nd8 36. Rb1 Rxb1 37. Rxb1 Qa7 38. Bxc4 Rxc4 39. Qd2 Qa2 40. Rc1 Nc6
41. Be3 Bd8 42. Qd1 Bb6 43. Ne1 Rxc1 44. Qxc1 Bxd4 45. Bxd4 Nxd4 46. Qe3 Qa1
47. Kf1 Nc2 48. Qe2 Qxe1+ 49. Qxe1 Nxe1 50. Kxe1 0-1

[Event "Hyeres"]
[Site "Hyeres"]
[Date "2005.08.14"]
[Round "?"]
[White "Garodel, Jean Pierre"]
[Black "Candela, Leo Thierry"]
[Result "0-1"]
[WhiteElo "2022"]
[BlackElo "1620"]
[PlyCount "58"]
[EventDate "2005.??.??"]
[EventCountry "FRA"]

1. e4 c5 2. Nf3 Nc6 3. d4 cxd4 4. Nxd4 g6 5. Nxc6 bxc6 6. Qd4 Nf6 7. e5 Nd5 8.
Bd3 Qb6 9. Qxb6 axb6 10. Bd2 Bg7 11. f4 d6 12. c4 Nc7 13. Bc3 d5 14. O-O Be6
15. cxd5 cxd5 16. Bd4 Rb8 17. a4 O-O 18. Nc3 Bd7 19. f5 Bxf5 20. Bxf5 gxf5 21.
Rxf5 Ne6 22. Rd1 Nxd4 23. Rxd4 e6 24. Rg5 Kh8 25. Rdg4 f5 26. exf6 Bxf6 27. Rh5
Rb7 28. Rh3 Rg7 29. Rxg7 Bd4+ 0-1

[Event "Hyeres"]
[Site "Hyeres"]
[Date "2005.08.13"]
[Round "?"]
[White "Garodel, Jean Pierre"]
[Black "Marino, Thierry"]
[Result "1-0"]
[WhiteElo "2022"]
[BlackElo "1964"]
[PlyCount "33"]
[EventDate "2005.??.??"]
[EventCountry "FRA"]

1. e4 g6 2. d4 Bg7 3. f4 c5 4. c3 cxd4 5. cxd4 d6 6. Nc3 Nc6 7. Nf3 Bg4 8. d5
Bxf3 9. gxf3 Nd4 10. Be3 Qb6 11. Nb5 Nc2+ 12. Qxc2 Qxe3+ 13. Be2 Rd8 14. Rd1 a6
15. Nc7+ Kd7 16. Nxa6 bxa6 17. Qc6# 1-0

[Event "Hyeres"]
[Site "Hyeres"]
[Date "2005.08.13"]
[Round "?"]
[White "Garodel, Jean Pierre"]
[Black "Touvron, Fabrice"]
[Result "1-0"]
[WhiteElo "2022"]
[BlackElo "1895"]
[PlyCount "83"]
[EventDate "2005.??.??"]
[EventCountry "FRA"]

1. e4 e5 2. Nf3 Nc6 3. Bc4 Nf6 4. d3 Bc5 5. O-O d6 6. c3 Bg4 7. Be3 Bb6 8. b4
O-O 9. Nbd2 Ne7 10. Qb3 c6 11. Qc2 Ng6 12. d4 Re8 13. dxe5 Bxe3 14. fxe3 Nxe5
15. Nxe5 Rxe5 16. Rf4 Bh5 17. Raf1 Bg6 18. Bd3 Qb6 19. Nc4 Qd8 20. Nxe5 dxe5
21. R4f3 Qb6 22. h3 Rd8 23. g4 c5 24. bxc5 Qxc5 25. g5 Nh5 26. Kh2 Qe7 27. h4
Qd7 28. Bc4 Qg4 29. Bxf7+ Bxf7 30. Rxf7 Qxh4+ 31. Kg1 Qxg5+ 32. Qg2 Ng3 33.
R7f3 Nxe4 34. Qxg5 Nxg5 35. Rf5 Ne4 36. Rxe5 Nxc3 37. Re7 Nd5 38. Rxb7 Nxe3 39.
Rff7 Rd1+ 40. Kh2 Rd2+ 41. Kh3 g6 42. Rfe7 1-0

[Event "Hyeres"]
[Site "Hyeres"]
[Date "2005.08.02"]
[Round "?"]
[White "Gaudeau, Valentin"]
[Black "Hadzikaric, Mirsad"]
[Result "1-0"]
[WhiteElo "1998"]
[BlackElo "1760"]
[PlyCount "89"]
[EventDate "2005.??.??"]
[EventCountry "FRA"]

1. d4 Nf6 2. c4 g6 3. Nc3 Bg7 4. Nf3 c5 5. d5 d6 6. e4 O-O 7. Be3 e6 8. Be2
exd5 9. cxd5 b5 10. Bxb5 Nxe4 11. Nxe4 Qa5+ 12. Nc3 Bxc3+ 13. bxc3 Qxb5 14. Qb3
Ba6 15. Qxb5 Bxb5 16. Rc1 Bc4 17. Rd1 Bxa2 18. O-O Bc4 19. Rfe1 Nd7 20. Bf4
Rfe8 21. Bxd6 a5 22. Ra1 a4 23. Rxe8+ Rxe8 24. Rxa4 Bxd5 25. Ra7 Bxf3 26. gxf3
Ne5 27. Bxc5 Nxf3+ 28. Kg2 Ne1+ 29. Kf1 Nf3 30. Ra4 Nxh2+ 31. Kg2 Re2 32. Kxh2
h5 33. Bd4 g5 34. c4 Rc2 35. c5 Kh7 36. Ra8 Rc4 37. Be3 f6 38. Rc8 Kg6 39. c6
Kf5 40. c7 Kg4 41. Bb6 Rc6 42. Rf8 Rxb6 43. c8=Q+ f5 44. Qxf5+ Kh4 45. Qh3# 1-0

[Event "Hyeres"]
[Site "Hyeres"]
[Date "2005.07.29"]
[Round "?"]
[White "Gaudeau, Valentin"]
[Black "Penloup, Dominique"]
[Result "1-0"]
[WhiteElo "1998"]
[BlackElo "1927"]
[PlyCount "41"]
[EventDate "2005.??.??"]
[EventCountry "FRA"]

1. d4 f5 2. e4 fxe4 3. Nc3 Nf6 4. g4 h6 5. Bg2 d5 6. h3 Nc6 7. f3 exf3 8. Nxf3
Qd6 9. O-O a6 10. Ne5 g5 11. Nxd5 Nxe5 12. dxe5 Qd7 13. exf6 e6 14. f7+ Kd8 15.
Qd4 exd5 16. Qxh8 Qe7 17. Bd2 Qc5+ 18. Kh1 c6 19. b4 Qd6 20. Rf6 Be6 21. Rxe6
1-0

[Event "Hyeres"]
[Site "Hyeres"]
[Date "2005.08.15"]
[Round "?"]
[White "Gauffriaud, Carine"]
[Black "Coraboeuf, Alain"]
[Result "1-0"]
[WhiteElo "1730"]
[BlackElo "1807"]
[PlyCount "67"]
[EventDate "2005.??.??"]
[EventCountry "FRA"]

1. e4 d6 2. d4 g6 3. Nc3 Bg7 4. Bc4 c6 5. Nge2 Qc7 6. Bb3 a6 7. a4 e6 8. f4 Ne7
9. O-O d5 10. Ng3 O-O 11. f5 exf5 12. exd5 c5 13. Be3 c4 14. Ba2 Bd7 15. Bf4
Qb6 16. Bxc4 Bxd4+ 17. Kh1 Qc5 18. Qd3 Bg7 19. Rfe1 Nc8 20. Be5 Bxe5 21. Rxe5
Nd6 22. Bb3 Qa5 23. Rae1 b5 24. axb5 axb5 25. Re7 b4 26. Nce2 Bb5 27. Qe3 Nd7
28. Nd4 Rae8 29. Ngxf5 gxf5 30. Ne6 Ne4 31. Qh6 Nf2+ 32. Kg1 Nh3+ 33. gxh3 Qb6+
34. Kg2 1-0

[Event "Hyeres"]
[Site "Hyeres"]
[Date "2005.08.14"]
[Round "?"]
[White "Gauffriaud, Carine"]
[Black "Peyret, Bertrand"]
[Result "1-0"]
[WhiteElo "1730"]
[BlackElo "1700"]
[PlyCount "43"]
[EventDate "2005.??.??"]
[EventCountry "FRA"]

1. e4 e5 2. Nf3 Nc6 3. Bc4 Bc5 4. c3 Nf6 5. d4 exd4 6. cxd4 Bb4+ 7. Nc3 Bxc3+
8. bxc3 d6 9. O-O O-O 10. Bd3 h6 11. h3 Re8 12. Re1 a6 13. Bc2 Ne7 14. Nh4 Ng6
15. Nxg6 fxg6 16. e5 dxe5 17. Bxg6 Re7 18. dxe5 Qxd1 19. Rxd1 Nd7 20. f4 Nc5
21. Rd8+ Re8 22. Rxe8# 1-0

[Event "Hyeres"]
[Site "Hyeres"]
[Date "2005.08.15"]
[Round "?"]
[White "Hadzikaric, Mirsad"]
[Black "Fevat, Tristan"]
[Result "0-1"]
[WhiteElo "1710"]
[BlackElo "2076"]
[PlyCount "64"]
[EventDate "2005.??.??"]
[EventCountry "FRA"]

1. Nf3 Nf6 2. b4 g6 3. c4 Bg7 4. Nc3 O-O 5. Rb1 d5 6. e3 Bf5 7. Rb3 Nc6 8. Be2
a5 9. a3 axb4 10. axb4 e5 11. Nh4 Be6 12. d3 d4 13. Nb5 e4 14. exd4 Nxd4 15.
Nxd4 Qxd4 16. Bb2 Qd8 17. g3 b5 18. O-O exd3 19. Rxd3 Qb8 20. cxb5 Ra2 21. Qb1
Qxb5 22. Re3 Qxb4 23. Be5 c5 24. Nf3 Qxb1 25. Rxb1 Ng4 26. Bxg7 Kxg7 27. Rxe6
fxe6 28. Rb7+ Kh8 29. Kf1 e5 30. h3 e4 31. hxg4 exf3 32. Bd1 c4 0-1

[Event "Hyeres"]
[Site "Hyeres"]
[Date "2005.08.15"]
[Round "?"]
[White "Hadzikaric, Mirsad"]
[Black "Gardes, Williams"]
[Result "1-0"]
[WhiteElo "1710"]
[BlackElo "1942"]
[PlyCount "51"]
[EventDate "2005.??.??"]
[EventCountry "FRA"]

1. c4 c6 2. b3 d5 3. Nf3 Bf5 4. Nc3 d4 5. Na4 e6 6. g3 Nf6 7. Bg2 Na6 8. O-O
Be7 9. a3 O-O 10. d3 Rb8 11. b4 b5 12. Nb2 Nc7 13. Ne5 bxc4 14. dxc4 c5 15. Nc6
Qe8 16. Nxb8 Qxb8 17. Bf4 Nd7 18. e4 Bg6 19. Qa4 Qd8 20. Qxa7 e5 21. Bd2 Ne6
22. Nd3 Nb6 23. Rfc1 Qd6 24. bxc5 Nxc5 25. Nxc5 Qxc5 26. Qb7 1-0

[Event "Hyeres"]
[Site "Hyeres"]
[Date "2005.08.12"]
[Round "?"]
[White "Henneteau, Jeremie"]
[Black "De Rouze, Guillaume"]
[Result "1-0"]
[WhiteElo "2131"]
[BlackElo "1700"]
[PlyCount "81"]
[EventDate "2005.??.??"]
[EventCountry "FRA"]

1. d4 d5 2. Nf3 Nf6 3. c4 dxc4 4. e3 c5 5. Bxc4 e6 6. O-O Bd7 7. Nc3 Bc6 8. Ne5
Be7 9. Nxc6 Nxc6 10. d5 exd5 11. Nxd5 Nxd5 12. Bxd5 Qc7 13. Qb3 O-O 14. Bd2 Bf6
15. Rac1 Ne7 16. Bf3 Rac8 17. Qc2 Rfd8 18. Bg4 Rb8 19. Rfd1 Rd5 20. e4 Rdd8 21.
b4 b6 22. Be3 Rxd1+ 23. Bxd1 Be5 24. g3 Bd6 25. f4 f6 26. Bg4 Ng6 27. Qc4+ Kh8
28. bxc5 Bxc5 29. Bxc5 Qxc5+ 30. Qxc5 bxc5 31. Rxc5 Rb1+ 32. Kg2 Rb2+ 33. Kf3
Kg8 34. Rc8+ Kf7 35. Rc7+ Kf8 36. Rxa7 Ne7 37. Be6 Nc6 38. Rd7 Nb4 39. Rf7+ Ke8
40. Rxg7 Rxh2 41. a4 1-0

[Event "Hyeres"]
[Site "Hyeres"]
[Date "2005.08.13"]
[Round "?"]
[White "Henneteau, Jeremie"]
[Black "Gardes, Williams"]
[Result "1-0"]
[WhiteElo "2131"]
[BlackElo "1942"]
[PlyCount "99"]
[EventDate "2005.??.??"]
[EventCountry "FRA"]

1. d4 Nf6 2. c4 g6 3. Nc3 Bg7 4. e4 d6 5. f3 O-O 6. Bg5 Nc6 7. Nge2 a6 8. Qd2
Rb8 9. d5 Ne5 10. Nd4 c5 11. Nc2 Qa5 12. a4 Qc7 13. Be2 Ned7 14. O-O e6 15.
dxe6 fxe6 16. Rfd1 Ne8 17. Be7 Rf7 18. Bg5 Ndf6 19. Bf4 e5 20. Bg5 Be6 21. Ne3
h6 22. Bxf6 Nxf6 23. Qxd6 Qxd6 24. Rxd6 Re8 25. Rad1 Rd7 26. Rxd7 Bxd7 27. Ned5
Bc6 28. b3 Nh7 29. Nc7 Re7 30. N3d5 Rd7 31. Ne6 Bf8 32. Nxf8 Kxf8 33. g3 Ng5
34. Ne3 Rxd1+ 35. Bxd1 h5 36. Nd5 Ne6 37. Kf2 Nd4 38. f4 exf4 39. gxf4 Kg7 40.
Ke3 Bd7 41. b4 Ne6 42. f5 gxf5 43. exf5 Nd8 44. f6+ Kg6 45. bxc5 Ne6 46. Nf4+
Nxf4 47. Kxf4 Kxf6 48. a5 h4 49. Bf3 Bc8 50. Bg4 1-0

[Event "Hyeres"]
[Site "Hyeres"]
[Date "2005.08.14"]
[Round "?"]
[White "Henneteau, Jeremie"]
[Black "Hadzikaric, Mirsad"]
[Result "1/2-1/2"]
[WhiteElo "2131"]
[BlackElo "1710"]
[PlyCount "131"]
[EventDate "2005.??.??"]
[EventCountry "FRA"]

1. d4 Nf6 2. c4 e6 3. Nf3 c5 4. e3 Be7 5. Nc3 O-O 6. Bd3 Nc6 7. O-O h6 8. a3 a6
9. Rb1 Qc7 10. Bc2 d5 11. cxd5 exd5 12. dxc5 Bxc5 13. Nxd5 Nxd5 14. Qxd5 Ba7
15. Qe4 f5 16. Qd5+ Kh8 17. Qc4 b5 18. Qc3 Bb7 19. Nh4 Qd7 20. Ng6+ Kh7 21.
Nxf8+ Rxf8 22. Rd1 Qf7 23. Rd6 Rc8 24. Qd3 Ne7 25. Bb3 Qh5 26. Qd1 Qh4 27. Rd4
Bxd4 28. Qxd4 Be4 29. Ra1 Nc6 30. Qd6 Rd8 31. Qg3 Qh5 32. f3 Na5 33. Qc7 Nxb3
34. Qxd8 Nxa1 35. fxe4 Qe2 36. Qd2 Qc4 37. Qe1 fxe4 38. Bd2 Nc2 39. Qf2 Qd5 40.
h3 Na1 41. Bc3 Nb3 42. Qg3 Qg5 43. Qf4 Nc5 44. Bd4 Qxf4 45. exf4 Nd3 46. g3 g5
47. f5 h5 48. Kf1 h4 49. gxh4 gxh4 50. Bf6 Kh6 51. Bxh4 Nxb2 52. Ke2 Nc4 53.
Be7 Kh5 54. Kf2 a5 55. Kg3 Nb6 56. Bd8 Nd5 57. Bxa5 Kg5 58. f6 Kxf6 59. h4 Kf5
60. Bd8 Nf4 61. Kf2 Nd3+ 62. Ke3 Ne5 63. Be7 Ng6 64. Bg5 Ne5 65. Kd4 Nc4 66.
Bc1 1/2-1/2

[Event "Hyeres"]
[Site "Hyeres"]
[Date "2005.07.29"]
[Round "?"]
[White "Lamberti, Hugo"]
[Black "Minery, Guillaume"]
[Result "1/2-1/2"]
[WhiteElo "2009"]
[BlackElo "1916"]
[PlyCount "66"]
[EventDate "2005.??.??"]
[EventCountry "FRA"]

1. Nf3 Nc6 2. d3 e5 3. g3 Bc5 4. c4 d6 5. Bg2 Bg4 6. h3 Be6 7. Ng5 Bd7 8. O-O
Nf6 9. Nc3 h6 10. Nge4 Bb6 11. Rb1 Nxe4 12. dxe4 O-O 13. b4 a6 14. e3 Be6 15.
Nd5 Bxd5 16. exd5 Ne7 17. Qc2 f5 18. a4 e4 19. Rd1 Ng6 20. c5 Ba7 21. Ba3 Ne5
22. b5 Nd3 23. c6 bxc6 24. Qxc6 axb5 25. Rxb5 Qg5 26. Qxc7 Nxf2 27. Rf1 Qxg3
28. Bxd6 Nxh3+ 29. Kh1 Nf2+ 30. Kg1 Nh3+ 31. Kh1 Nf2+ 32. Kg1 Nh3+ 33. Kh1 Nf2+
1/2-1/2

[Event "Hyeres"]
[Site "Hyeres"]
[Date "2005.08.15"]
[Round "?"]
[White "Lamberti, Hugo"]
[Black "Peyret, Bertrand"]
[Result "1-0"]
[WhiteElo "2009"]
[BlackElo "1700"]
[PlyCount "75"]
[EventDate "2005.??.??"]
[EventCountry "FRA"]

1. e4 e5 2. Bc4 Bc5 3. Nf3 d6 4. O-O Nf6 5. Qe2 c6 6. c3 O-O 7. d4 exd4 8. cxd4
Bb4 9. a3 Ba5 10. Bd3 Qe8 11. h3 Bc7 12. Nc3 a6 13. b4 b5 14. e5 dxe5 15. dxe5
Nd5 16. Nxd5 cxd5 17. Bxh7+ Kxh7 18. Qc2+ Kg8 19. Ng5 g6 20. Qxc7 Qd7 21. Qxd7
Bxd7 22. Bb2 Bf5 23. Rfd1 Rd8 24. Rac1 Ra7 25. g4 Be6 26. f4 Rb7 27. Nf3 Rdd7
28. Rc8+ Kg7 29. Rdc1 Re7 30. R8c2 Kg8 31. Nd4 Kg7 32. Kg2 Nd7 33. f5 gxf5 34.
gxf5 Bxf5 35. Nxf5+ Kf8 36. Rc8+ Re8 37. Rxe8+ Kxe8 38. Rc8# 1-0

[Event "Hyeres"]
[Site "Hyeres"]
[Date "2005.07.31"]
[Round "?"]
[White "Lesieur, Romain"]
[Black "Lamberti, Hugo"]
[Result "0-1"]
[WhiteElo "1570"]
[BlackElo "2009"]
[PlyCount "64"]
[EventDate "2005.??.??"]
[EventCountry "FRA"]

1. e4 c5 2. Nf3 Nc6 3. d4 cxd4 4. Nxd4 g6 5. Be3 Bg7 6. Nc3 Nf6 7. f3 O-O 8.
Qd2 d5 9. Nxc6 bxc6 10. e5 Nd7 11. f4 e6 12. Be2 a6 13. O-O c5 14. Bf2 Qa5 15.
Be1 Qb6 16. Rb1 Bb7 17. Bf3 Rac8 18. Kh1 Nb8 19. Nd1 Nc6 20. Nf2 Nd4 21. Nh3 f6
22. c3 Nxf3 23. Rxf3 fxe5 24. fxe5 Rxf3 25. gxf3 Bxe5 26. Bg3 Bxg3 27. hxg3 d4
28. Kh2 Rf8 29. Ng1 e5 30. Rd1 Bxf3 31. Nxf3 Rxf3 32. Re1 Qf6 0-1

[Event "Hyeres"]
[Site "Hyeres"]
[Date "2005.08.14"]
[Round "?"]
[White "Leygue, Dominique"]
[Black "De Rouze, Guillaume"]
[Result "1-0"]
[WhiteElo "2322"]
[BlackElo "1700"]
[PlyCount "63"]
[EventDate "2005.??.??"]
[EventCountry "FRA"]

1. e4 c5 2. Nc3 Nc6 3. g3 g6 4. Bg2 Bg7 5. d3 d6 6. Be3 Nf6 7. h3 Bd7 8. Qd2 a6
9. Bh6 O-O 10. h4 Bxh6 11. Qxh6 Nd4 12. O-O-O Ng4 13. Qd2 h5 14. f3 Nf6 15. g4
Kg7 16. g5 Ne8 17. f4 Rb8 18. Nge2 Bg4 19. Rdf1 Qa5 20. Ng3 b5 21. Kb1 b4 22.
Nce2 Qb6 23. Nxd4 cxd4 24. f5 a5 25. Bf3 Bxf3 26. Rxf3 Rc8 27. f6+ exf6 28.
gxf6+ Nxf6 29. Nf5+ gxf5 30. Qg5+ Kh7 31. Qxf5+ Kg7 32. Rg1+ 1-0

[Event "Hyeres"]
[Site "Hyeres"]
[Date "2005.08.13"]
[Round "?"]
[White "Leygue, Dominique"]
[Black "Fevat, Tristan"]
[Result "1-0"]
[WhiteElo "2322"]
[BlackElo "2076"]
[PlyCount "77"]
[EventDate "2005.??.??"]
[EventCountry "FRA"]

1. e4 c5 2. Nc3 a6 3. Nf3 e6 4. a4 d5 5. exd5 exd5 6. d4 cxd4 7. Qxd4 Nf6 8.
Bg5 Be7 9. O-O-O Nc6 10. Qe3 Ng4 11. Qd2 Be6 12. Bxe7 Qxe7 13. Nd4 O-O 14. Re1
Qb4 15. h3 Nxd4 16. hxg4 b5 17. Bd3 f5 18. Rxe6 Nxe6 19. Bxf5 Rxf5 20. gxf5 d4
21. fxe6 dxc3 22. Qxc3 Qxc3 23. bxc3 bxa4 24. Rd1 Re8 25. Rd6 a5 26. Kb2 Kf8
27. Rc6 Ke7 28. Ka3 Rb8 29. f4 g6 30. Kxa4 Rb2 31. g4 Rxc2 32. f5 Rf2 33. Rc7+
Kf6 34. Rf7+ Kg5 35. fxg6 Ra2+ 36. Kb3 Re2 37. g7 a4+ 38. Ka3 Kh6 39. g8=Q 1-0

[Event "Hyeres"]
[Site "Hyeres"]
[Date "2005.07.31"]
[Round "?"]
[White "Mandic, Ilija"]
[Black "Minery, Guillaume"]
[Result "1/2-1/2"]
[WhiteElo "1920"]
[BlackElo "1916"]
[PlyCount "81"]
[EventDate "2005.??.??"]
[EventCountry "FRA"]

1. e4 c5 2. Nf3 d6 3. d4 cxd4 4. Nxd4 Nf6 5. Nc3 g6 6. Be3 Bg7 7. f3 O-O 8. Qd2
Nc6 9. Be2 Nxd4 10. Bxd4 Be6 11. O-O Qa5 12. f4 Nxe4 13. Nxe4 Qxd2 14. Nxd2
Bxd4+ 15. Kh1 Rac8 16. c3 Bg7 17. Bf3 Rc7 18. Nb3 Bxb3 19. axb3 a6 20. Rad1
Rfc8 21. Rfe1 Kf8 22. Bg4 Rd8 23. Bf3 e6 24. Rd3 Rcd7 25. Re2 d5 26. g3 b5 27.
Rd1 d4 28. c4 bxc4 29. bxc4 Rc7 30. b3 Rb8 31. Rd3 Rcc8 32. Ra2 Rb6 33. Kg2 Ke7
34. Kf2 Kd6 35. Ke2 h5 36. Ra5 Rcc6 37. Ra4 Rc7 38. Kd2 Rc8 39. Ra5 Rc5 40. Ra3
Rc8 41. Ra4 1/2-1/2

[Event "Hyeres"]
[Site "Hyeres"]
[Date "2005.08.14"]
[Round "?"]
[White "Marku, Demeter"]
[Black "Coraboeuf, Alain"]
[Result "1-0"]
[WhiteElo "1790"]
[BlackElo "1807"]
[PlyCount "71"]
[EventDate "2005.??.??"]
[EventCountry "FRA"]

1. e4 d6 2. d4 g6 3. Bc4 Bg7 4. Nf3 c6 5. O-O e6 6. d5 cxd5 7. exd5 e5 8. c3 a6
9. Be3 Ne7 10. Nbd2 O-O 11. Ne4 Bg4 12. h3 Bxf3 13. Qxf3 h6 14. Nf6+ Kh8 15. g4
Ng8 16. Nxg8 Kxg8 17. Qg3 Kh7 18. f4 f5 19. gxf5 gxf5 20. Bd3 e4 21. Be2 Bxc3
22. Kh1 Rg8 23. Qf2 Bf6 24. Rg1 Rxg1+ 25. Rxg1 Qe7 26. Bh5 Nd7 27. Bg6+ Kh8 28.
Bxf5 Rg8 29. Rxg8+ Kxg8 30. Qg2+ Bg7 31. Be6+ Kh8 32. Bd4 Nf6 33. Qg6 e3 34.
Bxe3 Nxd5 35. Bd4 Nxf4 36. Qxh6# 1-0

[Event "Hyeres"]
[Site "Hyeres"]
[Date "2005.08.13"]
[Round "?"]
[White "Marku, Demeter"]
[Black "Djoudi, Amar"]
[Result "0-1"]
[WhiteElo "1790"]
[BlackElo "2145"]
[PlyCount "56"]
[EventDate "2005.??.??"]
[EventCountry "FRA"]

1. e4 d5 2. exd5 Qxd5 3. Nc3 Qd6 4. Nf3 Nf6 5. d3 a6 6. g3 Nc6 7. Bg2 Bg4 8.
Bf4 e5 9. Qe2 O-O-O 10. Be3 Nd4 11. Bxd4 exd4 12. Ne4 Nxe4 13. Qxe4 f5 14. Qe2
Qb4+ 15. Qd2 Re8+ 16. Kd1 Qxb2 17. Qc1 Qc3 18. Rb1 Bb4 19. Rxb4 Qxb4 20. Qd2
Qb1+ 21. Qc1 Qxa2 22. h3 Bh5 23. Qg5 Qa1+ 24. Kd2 Qc3+ 25. Kd1 Bxf3+ 26. Bxf3
Re5 27. Be4 Qa1+ 28. Kd2 Qa5+ 0-1

[Event "Hyeres"]
[Site "Hyeres"]
[Date "2005.08.15"]
[Round "?"]
[White "Marku, Demeter"]
[Black "Gauffriaud, Carine"]
[Result "1-0"]
[WhiteElo "1790"]
[BlackElo "1730"]
[PlyCount "37"]
[EventDate "2005.??.??"]
[EventCountry "FRA"]

1. e4 e5 2. Nf3 Nc6 3. Bb5 f5 4. Bxc6 dxc6 5. Nxe5 Qg5 6. Qf3 Nf6 7. h4 fxe4 8.
hxg5 exf3 9. gxf6 fxg2 10. f7+ Kd8 11. Rg1 Bh3 12. d4 Be7 13. Bf4 Bf6 14. Nc3
Rf8 15. Ne4 Bf5 16. f3 Bh3 17. Ng5 Bxg5 18. Bxg5+ Kc8 19. Be7 1-0

[Event "Hyeres"]
[Site "Hyeres"]
[Date "2005.08.13"]
[Round "?"]
[White "Menardo, Philippe"]
[Black "Garodel, Jean Pierre"]
[Result "0-1"]
[WhiteElo "1650"]
[BlackElo "2022"]
[PlyCount "46"]
[EventDate "2005.??.??"]
[EventCountry "FRA"]

1. d4 Nf6 2. Nf3 g6 3. Bf4 Bg7 4. e3 O-O 5. h3 d6 6. Be2 c6 7. O-O Nbd7 8. Nbd2
h6 9. c3 Re8 10. Nc4 b5 11. Ncd2 a5 12. Qc2 e5 13. dxe5 dxe5 14. Bh2 Qb6 15.
Rfd1 c5 16. Ne4 Nxe4 17. Qxe4 Bb7 18. Qc2 Rad8 19. Rd2 c4 20. Rad1 Nc5 21. Kf1
Be4 22. Qc1 Bd3 23. Ne1 Ne4 0-1

[Event "Hyeres"]
[Site "Hyeres"]
[Date "2005.07.27"]
[Round "?"]
[White "Minery, Guillaume"]
[Black "Penkov, Nikola"]
[Result "1-0"]
[WhiteElo "1916"]
[BlackElo "1630"]
[PlyCount "41"]
[EventDate "2005.??.??"]
[EventCountry "FRA"]

1. e4 d6 2. d4 Nf6 3. Nc3 g6 4. f4 Bg7 5. Nf3 Bg4 6. Be3 O-O 7. h3 Bxf3 8. Qxf3
c6 9. O-O-O Qc7 10. e5 Nfd7 11. g4 dxe5 12. fxe5 Nb6 13. g5 Qd7 14. Bg2 Na6 15.
h4 Nc7 16. Bh3 Qe8 17. h5 Nbd5 18. Nxd5 Nxd5 19. hxg6 fxg6 20. Be6+ Kh8 21.
Rxh7+ 1-0

[Event "Hyeres"]
[Site "Hyeres"]
[Date "2005.08.02"]
[Round "?"]
[White "Paccard, Jacques"]
[Black "Banuls, Adrien"]
[Result "1-0"]
[WhiteElo "1836"]
[BlackElo "1780"]
[PlyCount "57"]
[EventDate "2005.??.??"]
[EventCountry "FRA"]

1. e4 c5 2. c4 Nc6 3. Nc3 g6 4. d3 d6 5. Be2 Bg7 6. f4 e6 7. Nf3 Nge7 8. O-O
O-O 9. Be3 a6 10. Qd2 Nd4 11. Rab1 Nec6 12. Rfe1 Nxf3+ 13. Bxf3 Nd4 14. Ne2
Nxe2+ 15. Qxe2 Re8 16. b4 b6 17. bxc5 dxc5 18. e5 Rb8 19. Bxc5 Bb7 20. Bxb6
Bxf3 21. Qe3 Qd7 22. Qxf3 Bf8 23. Bf2 Red8 24. a4 Rbc8 25. a5 Qd4 26. Qe3 Qc3
27. Qf3 Qxd3 28. Qxd3 Rxd3 29. Rb6 1-0

[Event "Hyeres"]
[Site "Hyeres"]
[Date "2005.07.31"]
[Round "?"]
[White "Paccard, Jacques"]
[Black "Ramazzotti, Bernard"]
[Result "1-0"]
[WhiteElo "1836"]
[BlackElo "1929"]
[PlyCount "57"]
[EventDate "2005.??.??"]
[EventCountry "FRA"]

1. e4 c5 2. c4 Nc6 3. Nc3 e6 4. d3 Nf6 5. Bg5 Be7 6. Be2 d5 7. Bxf6 Bxf6 8.
cxd5 Bxc3+ 9. bxc3 exd5 10. exd5 Qxd5 11. Bf3 Qe5+ 12. Ne2 Bd7 13. O-O O-O 14.
Rb1 Rab8 15. Re1 Qf6 16. Ng3 Qxc3 17. Ne4 Qd4 18. Rc1 b6 19. Rc4 Qb2 20. Re2
Qb5 21. Nd6 Qa6 22. Ra4 Na5 23. Ra3 Be6 24. Qe1 Bd7 25. Bd5 Bb5 26. Re7 Bxd3
27. Nxf7 Bc4 28. Nh6+ Kh8 29. Qe5 1-0

[Event "Hyeres"]
[Site "Hyeres"]
[Date "2005.08.13"]
[Round "?"]
[White "Paule, Marc"]
[Black "Baudson, Charles"]
[Result "1/2-1/2"]
[WhiteElo "2039"]
[BlackElo "2022"]
[PlyCount "86"]
[EventDate "2005.??.??"]
[EventCountry "FRA"]

1. d4 Nf6 2. Nf3 d5 3. c4 c6 4. Nc3 Bf5 5. g3 e6 6. Bg2 Nbd7 7. cxd5 Nxd5 8.
O-O Bd6 9. Nh4 Bg4 10. Nxd5 exd5 11. Qd3 O-O 12. e4 dxe4 13. Bxe4 Nf6 14. Bg2
Qd7 15. Bg5 Be5 16. Nf3 Bxf3 17. Bxf3 Qxd4 18. Qxd4 Bxd4 19. Rad1 Rad8 20. b3
h6 21. Bxf6 Bxf6 22. Rxd8 Rxd8 23. Rd1 Rxd1+ 24. Bxd1 Kf8 25. Kf1 Ke7 26. Ke2
Kd6 27. Kd3 Kc5 28. Bg4 g6 29. Bd7 Kd6 30. Bc8 b5 31. Bh3 Bg7 32. Bg2 f5 33. h3
Kc5 34. Bf1 Kb4 35. Kc2 h5 36. f3 Be5 37. g4 hxg4 38. hxg4 fxg4 39. fxg4 g5 40.
Bd3 c5 41. Bf5 a5 42. Be6 a4 43. Bf7 c4 1/2-1/2

[Event "Hyeres"]
[Site "Hyeres"]
[Date "2005.08.15"]
[Round "?"]
[White "Paule, Marc"]
[Black "Bouchelil, Cyril"]
[Result "1-0"]
[WhiteElo "2039"]
[BlackElo "1670"]
[PlyCount "35"]
[EventDate "2005.??.??"]
[EventCountry "FRA"]

1. d4 d5 2. c4 c6 3. Nc3 Nf6 4. Nf3 Bg4 5. cxd5 cxd5 6. Ne5 e6 7. Bg5 Nbd7 8.
Nxg4 Qa5 9. Nxf6+ Nxf6 10. Bxf6 gxf6 11. Qa4+ Qxa4 12. Nxa4 Bb4+ 13. Kd1 O-O
14. a3 Be7 15. e3 Rac8 16. Rc1 Rfd8 17. Bd3 e5 18. f3 1-0

[Event "Hyeres"]
[Site "Hyeres"]
[Date "2005.08.15"]
[Round "?"]
[White "Paule, Marc"]
[Black "Ramazzotti, Bernard"]
[Result "1/2-1/2"]
[WhiteElo "2039"]
[BlackElo "1920"]
[PlyCount "68"]
[EventDate "2005.??.??"]
[EventCountry "FRA"]

1. Nf3 Nf6 2. g3 d5 3. d4 e6 4. Bg2 Be7 5. O-O O-O 6. b3 Nbd7 7. Bb2 Ne4 8.
Nbd2 Ndf6 9. c4 c6 10. Qc2 Bd7 11. Ne5 Nxd2 12. Qxd2 Ne4 13. Qc2 f5 14. Rae1
Bb4 15. Rd1 Bd6 16. f3 Ng5 17. e4 fxe4 18. fxe4 Rxf1+ 19. Rxf1 Bxe5 20. dxe5
Nxe4 21. Bxe4 dxe4 22. Qxe4 Be8 23. Qg4 Qe7 24. Rd1 Bg6 25. Rd6 Rd8 26. Rxd8+
Qxd8 27. Qxe6+ Bf7 28. Qd6 Qxd6 29. exd6 Be6 30. Kf2 Kf7 31. Ke3 g6 32. Kd4 Bf5
33. b4 Ke6 34. c5 a6 1/2-1/2

[Event "Hyeres"]
[Site "Hyeres"]
[Date "2005.07.31"]
[Round "?"]
[White "Penkov, Nikola"]
[Black "Mandic, Ilija"]
[Result "1-0"]
[WhiteElo "1630"]
[BlackElo "1920"]
[PlyCount "75"]
[EventDate "2005.??.??"]
[EventCountry "FRA"]

1. f4 Nf6 2. Nf3 d5 3. e3 c5 4. c4 e6 5. d3 Be7 6. Be2 O-O 7. O-O Nc6 8. Nc3 d4
9. exd4 cxd4 10. Ne4 b6 11. h3 Bb7 12. a3 Rc8 13. b4 Re8 14. b5 Na5 15. Nxf6+
Bxf6 16. Bd2 a6 17. Bxa5 bxa5 18. bxa6 Bxa6 19. Nd2 Qc7 20. Bf3 Qxf4 21. Be4
Qe3+ 22. Kh1 Rc5 23. Rf3 Qh6 24. Qa4 Rd8 25. Nb3 Rg5 26. Nxa5 Rf8 27. Rb1 Rc5
28. Nb3 Rb8 29. Qxa6 Be5 30. Qa7 Rcc8 31. Qxf7+ Kh8 32. Bb7 Rg8 33. Nc5 g6 34.
Nd7 Rxb7 35. Rxb7 Bd6 36. c5 Qc1+ 37. Rf1 Rf8 38. Nxf8 1-0